[Event "XXX C.to Italiano a squadre A2.5"]
[Site "ITA"]
[Date "1998.03.08"]
[Round "2"]
[White "Stornelli, Aldo"]
[Black "Ricci, Alfredo"]
[WhiteElo "1740"]
[BlackElo "1929"]
[Result "0-1"]
[PlyCount "90"]
[EventDate "1998.02.22"]

1. d4 d5 2. Nf3 Nf6 3. Bf4 c5 4. c3 e6 5. e3 Qb6 6. Qb3 Nbd7 7. Nbd2 c4 8. Qc2
Nh5 9. Bg5 Bd6 10. Be2 e5 11. dxe5 Bxe5 12. Nxe5 Nxe5 13. O-O Qg6 14. Qxg6 hxg6
15. Rad1 Bf5 16. e4 dxe4 17. Nxc4 Nxc4 18. Bxc4 O-O 19. h3 Rac8 20. Bb3 Nf6 21.
Bxf6 gxf6 22. g4 Be6 23. Bxe6 fxe6 24. Rd7 Rf7 25. Rfd1 Rc7 26. Rd8+ Kg7 27.
Ra8 a6 28. Rdd8 g5 29. Rg8+ Kh6 30. Rad8 Rce7 31. Kg2 f5 32. Rh8+ Kg6 33. Kf1
f4 34. Rdg8+ Rg7 35. Rxg7+ Rxg7 36. Rd8 Kf6 37. b3 Rc7 38. c4 b5 39. Rd4 Ke5
40. Rd2 bxc4 41. Rc2 c3 42. Ke2 Kd4 43. Kd1 f3 44. Rc1 Kd3 45. Rc2 Rh7 0-1

[Event "XXX C.to Italiano a squadre A2.5"]
[Site "ITA"]
[Date "1998.03.22"]
[Round "3"]
[White "Gaggiottini, Manfredo"]
[Black "Gorelli Fagiolini, Marco"]
[WhiteElo "2105"]
[BlackElo "2235"]
[Result "0-1"]
[PlyCount "150"]
[EventDate "1998.02.22"]

1. e4 d6 2. d4 Nf6 3. Nc3 g6 4. Nf3 Bg7 5. Bc4 O-O 6. e5 dxe5 7. Nxe5 Nc6 8.
Nxc6 bxc6 9. O-O Nd5 10. Ne2 e5 11. c3 Bg4 12. dxe5 Bxe5 13. h3 Be6 14. Bb3 Qh4
15. f4 Bg7 16. Nd4 Bxh3 17. Nxc6 Nf6 18. Qe1 Qxe1 19. Rxe1 Bd7 20. Ne5 Be6 21.
g3 a5 22. Be3 a4 23. Bxe6 fxe6 24. Bc5 Rfe8 25. Re2 Nd5 26. Rae1 Bxe5 27. Rxe5
Kf7 28. Kf2 Rab8 29. Ba3 Rb6 30. Kf3 Rc6 31. R1e4 Ra8 32. g4 Nf6 33. Rd4 h5 34.
g5 Nd5 35. c4 Nb6 36. Ree4 Ra7 37. c5 Nd5 38. Rxa4 Rca6 39. Rxa6 Rxa6 40. Rc4
c6 41. Ke4 Ke7 42. Rd4 Ra8 43. Rd3 Ra4+ 44. b4 Nxb4 45. Rd4 Nxa2 46. Rxa4 Nc3+
47. Kd4 Nxa4 48. Bc1 h4 49. Be3 h3 50. Bg1 Kf7 51. Bh2 Nb2 52. Ke5 Ke7 53. Ke4
Nc4 54. Kd4 Nb2 55. Bg3 Nd1 56. Ke4 Nf2+ 57. Kf3 Nd3 58. Kg4 Nxc5 59. Kxh3 Nd3
60. Kg2 e5 61. fxe5 Ke6 62. Kf3 Nxe5+ 63. Ke4 Nf7 64. Bc7 Nd6+ 65. Kf3 Kd5 66.
Ke3 Nf7 67. Bf4 Kc5 68. Kd3 Kd5 69. Bc1 Nd6 70. Bf4 Ne4 71. Kc2 Ke6 72. Kd1 Kf5
73. Bc1 Nxg5 74. Ke2 Ne4 75. Ke3 c5 0-1

[Event "XXX C.to Italiano a squadre A2.5"]
[Site "ITA"]
[Date "1998.03.22"]
[Round "3"]
[White "Leoncini, Mario"]
[Black "Calandri, Fausto"]
[WhiteElo "2170"]
[BlackElo "2100"]
[Result "1-0"]
[PlyCount "33"]
[EventDate "1998.02.22"]

1. e4 c5 2. c3 d5 3. exd5 Qxd5 4. d4 Nf6 5. Nf3 Bg4 6. Nbd2 cxd4 7. Bc4 Qd6 8.
Qb3 Be6 9. Qxb7 Bxc4 10. Nxc4 Qe6+ 11. Nce5 Qd5 12. Qc8+ Qd8 13. Qxd8+ Kxd8 14.
Nxf7+ Ke8 15. Nxh8 dxc3 16. Ne5 Nbd7 17. Nhf7 1-0

[Event "XXX C.to Italiano a squadre A2.5"]
[Site "ITA"]
[Date "1998.03.22"]
[Round "3"]
[White "Mogranzini, Roberto"]
[Black "Raiano, Andrea"]
[WhiteElo "1870"]
[BlackElo "2230"]
[Result "1/2-1/2"]
[PlyCount "98"]
[EventDate "1998.02.22"]

1. e4 c6 2. c4 d5 3. exd5 cxd5 4. cxd5 Nf6 5. Bb5+ Nbd7 6. Nc3 a6 7. Qa4 Rb8 8.
Bxd7+ Qxd7 9. Qf4 Ra8 10. Nf3 Nxd5 11. Nxd5 Qxd5 12. O-O e6 13. d4 Be7 14. Qg3
Bf6 15. Be3 Bd7 16. Ne5 Rc8 17. Rfc1 h5 18. Nxd7 Kxd7 19. Rc5 Rxc5 20. dxc5 Rd8
21. Qf4 Ke8 22. Qa4+ Kf8 23. Re1 Kg8 24. h3 Bxb2 25. Qb4 Bf6 26. a3 Rd7 27. Bf4
Qd4 28. Bd6 Qxb4 29. axb4 Bc3 30. Re4 f5 31. Rc4 Bd2 32. Kf1 Rd8 33. Ke2 Bg5
34. Rc2 Rc8 35. Rb2 Bf6 36. Rb3 Rd8 37. f4 Kf7 38. Rg3 g6 39. Rd3 Be7 40. Bxe7
Rxd3 41. Kxd3 Kxe7 42. h4 Kd7 43. Kd4 Kc6 44. Kc4 b6 45. cxb6 Kxb6 46. Kd4 Kb5
47. Kc3 Kb6 48. Kd4 Kb5 49. Kc3 Kb6 1/2-1/2

[Event "XXX C.to Italiano a squadre A2.5"]
[Site "ITA"]
[Date "1998.03.22"]
[Round "3"]
[White "Patelli, Alessandro"]
[Black "Rago, Riccardo"]
[WhiteElo "2235"]
[BlackElo "2195"]
[Result "1/2-1/2"]
[PlyCount "62"]
[EventDate "1998.02.22"]

1. Nf3 Nf6 2. c4 g6 3. Nc3 Bg7 4. e4 d6 5. d4 O-O 6. Be2 e5 7. O-O Nc6 8. d5
Ne7 9. Nd2 Ne8 10. b4 f5 11. f3 g5 12. a4 f4 13. a5 Ng6 14. c5 h5 15. Nc4 g4
16. fxg4 Qg5 17. gxh5 Bh3 18. Rf2 Nh4 19. g3 Nf6 20. Kh1 Bg4 21. gxf4 exf4 22.
Ra2 Bxe2 23. Rfxe2 Nxh5 24. e5 dxe5 25. Qg1 Ng3+ 26. hxg3 Nf3 27. Ne4 Qh5+ 28.
Rh2 Nxh2 29. Rxh2 Qf3+ 30. Qg2 Qd1+ 31. Qg1 Qf3+ 1/2-1/2

[Event "XXX C.to Italiano a squadre A2.5"]
[Site "ITA"]
[Date "1998.04.05"]
[Round "4"]
[White "Conti, Valerio"]
[Black "Mauro, Alan"]
[WhiteElo "2167"]
[BlackElo "2260"]
[Result "1-0"]
[PlyCount "59"]
[EventDate "1998.02.22"]

1. e4 c5 2. Nf3 d6 3. g3 Nc6 4. Bg2 Nf6 5. Nc3 g6 6. d4 cxd4 7. Nxd4 Bg4 8.
Nde2 Bg7 9. h3 Bd7 10. O-O O-O 11. Nd5 Nxd5 12. exd5 Ne5 13. Nd4 Qb6 14. c3
Rac8 15. Qe2 Rfe8 16. Rd1 a6 17. Kh2 Bb5 18. Nxb5 axb5 19. Be3 Qa5 20. a3 Nc4
21. Bd4 e5 22. dxe6 Rxe6 23. Qc2 Bxd4 24. Rxd4 Rce8 25. Bf3 Qd8 26. Rf4 Rf6 27.
Rxf6 Qxf6 28. Kg2 Re3 29. Bd5 Qe5 30. Bxc4 1-0

[Event "XXX C.to Italiano a squadre A2.5"]
[Site "ITA"]
[Date "1998.04.05"]
[Round "4"]
[White "Leoncini, Mario"]
[Black "Govoni, Fausto"]
[WhiteElo "2170"]
[BlackElo "2280"]
[Result "1-0"]
[PlyCount "93"]
[EventDate "1998.02.22"]

1. e4 c5 2. c3 b6 3. d4 Ba6 4. Bxa6 Nxa6 5. Qe2 Qc8 6. Nf3 cxd4 7. Nxd4 Nc5 8.
O-O g6 9. f4 Bg7 10. Nd2 Nh6 11. h3 O-O 12. N2f3 Qb7 13. Re1 Rae8 14. f5 d5 15.
fxg6 hxg6 16. e5 Ne4 17. Bf4 e6 18. Rad1 Rc8 19. g4 Kh7 20. Qe3 b5 21. a3 a6
22. Re2 Rc4 23. Rg2 Qe7 24. h4 f5 25. Ng5+ Nxg5 26. Bxg5 Qc5 27. Nxe6 Qxe3+ 28.
Bxe3 Nxg4 29. Nxf8+ Bxf8 30. Bg5 Nxe5 31. Rxd5 Nf3+ 32. Kf2 Nxg5 33. hxg5 Bc5+
34. Kf3 Bb6 35. Rd7+ Kg8 36. Re2 Rc8 37. Re6 Bc5 38. Rxg6+ Kh8 39. Rxa6 b4 40.
axb4 Bf8 41. b5 Kg8 42. b6 Re8 43. b7 Rb8 44. Ra8 Rxb7 45. Rxb7 f4 46. g6 Kh8
47. Rxf8# 1-0

[Event "XXX C.to Italiano a squadre A2.5"]
[Site "ITA"]
[Date "1998.04.05"]
[Round "4"]
[White "Miandro, Roberto"]
[Black "Mogranzini, Roberto"]
[WhiteElo "1699"]
[BlackElo "1870"]
[Result "1-0"]
[PlyCount "147"]
[EventDate "1998.02.22"]

1. c4 Nf6 2. Nf3 g6 3. Nc3 Bg7 4. g3 O-O 5. Bg2 d6 6. O-O c5 7. d3 Nc6 8. h3 a6
9. Rb1 Rb8 10. a4 Bd7 11. b3 Qc8 12. h4 Bh3 13. Bb2 Bxg2 14. Kxg2 b6 15. e4 e6
16. Ra1 Ne8 17. Qd2 Nc7 18. Ne2 e5 19. Nc3 f5 20. Nd5 Nxd5 21. cxd5 Na5 22. Ra3
h6 23. Rc1 Qd7 24. b4 Nb7 25. Bc3 Rbc8 26. Ne1 f4 27. Qd1 fxg3 28. fxg3 Qf7 29.
Ra2 Qf1+ 30. Kh2 cxb4 31. Bxb4 Rxc1 32. Qxc1 a5 33. Ba3 Kh7 34. Rc2 Rf7 35. Qe3
h5 36. Qe2 Nc5 37. Qxf1 Rxf1 38. Bxc5 bxc5 39. Re2 Bh6 40. Kg2 Rf7 41. Rb2 Be3
42. Nf3 Ra7 43. Rb5 Kg7 44. Kf1 Kf7 45. Ke2 Bc1 46. Rb3 Ke7 47. Ne1 Kd7 48. Nc2
Kc7 49. Rb1 Bh6 50. Na3 Ra6 51. Nc4 Bf8 52. Rb5 Be7 53. Nxa5 Rb6 54. Rxb6 Kxb6
55. Nc4+ Kc7 56. Na5 Bf8 57. Nc6 Kb6 58. Kf3 Ka6 59. g4 Kb6 60. g5 Ka6 61. Ke3
Kb6 62. Kd2 Ka6 63. Kc3 Kb6 64. Kc4 Ka6 65. a5 Kb7 66. Kb5 Ka8 67. Kb6 c4 68.
dxc4 Bg7 69. Ne7 Bf8 70. Nxg6 Bg7 71. a6 Kb8 72. Ne7 Bf8 73. Nf5 Ka8 74. g6 1-0

[Event "XXX C.to Italiano a squadre A2.5"]
[Site "ITA"]
[Date "1998.04.05"]
[Round "4"]
[White "Patelli, Alessandro"]
[Black "Adinolfi, Vincenzo"]
[WhiteElo "2235"]
[BlackElo "2170"]
[Result "0-1"]
[PlyCount "96"]
[EventDate "1998.02.22"]

1. Nf3 c5 2. c4 Nf6 3. g3 Nc6 4. Nc3 g6 5. Bg2 Bg7 6. O-O O-O 7. d4 Nxd4 8.
Nxd4 cxd4 9. Qxd4 d6 10. Qd2 Qc7 11. b3 Bd7 12. Bb2 Bc6 13. e4 e6 14. Rac1 Qa5
15. Rc2 Rfd8 16. Rd1 Qh5 17. Qe2 Qc5 18. Bc1 Ne8 19. Be3 Qa5 20. Qd2 Qh5 21. h3
f5 22. exf5 gxf5 23. Qe2 Qg6 24. Kh2 Kf7 25. f4 Bxc3 26. Rxc3 Nf6 27. Bf3 Bxf3
28. Qxf3 Ne4 29. Rc2 h5 30. Rg2 Rg8 31. Bd4 b6 32. Re1 Rac8 33. Ree2 d5 34.
cxd5 exd5 35. Rc2 Rxc2 36. Rxc2 Qxg3+ 37. Qxg3 Nxg3 38. Rc7+ Ke6 39. Rxa7 Nf1+
40. Kh1 Ng3+ 41. Kh2 Ne2 42. Be5 d4 43. Rb7 Kd5 44. Re7 d3 45. Rd7+ Ke4 46. Bc7
Rg6 47. a4 Nd4 48. Re7+ Re6 0-1

[Event "XXX C.to Italiano a squadre A2.5"]
[Site "ITA"]
[Date "1998.04.05"]
[Round "4"]
[White "Rago, Riccardo"]
[Black "Bruno, Fabio"]
[WhiteElo "2195"]
[BlackElo "2260"]
[Result "1/2-1/2"]
[PlyCount "79"]
[EventDate "1998.02.22"]

1. e4 c5 2. Nf3 Nc6 3. d4 cxd4 4. Nxd4 Qb6 5. Nb3 Nf6 6. Nc3 e6 7. Be3 Qc7 8.
Nb5 Qb8 9. f3 a6 10. N5d4 Ne5 11. Qd2 d6 12. Be2 h5 13. O-O Qc7 14. Bf2 b6 15.
Rfd1 Be7 16. Rac1 g5 17. c4 g4 18. Qe3 gxf3 19. gxf3 Bb7 20. Nd2 O-O-O 21. Nb5
Rdg8+ 22. Kf1 Qd8 23. Nc3 Nfd7 24. b4 Bh4 25. Na4 Bxf2 26. Qxf2 Kb8 27. Nb3 Rh6
28. Rxd6 Rhg6 29. Nxb6 Rg1+ 30. Qxg1 Rxg1+ 31. Kxg1 Qg5+ 32. Kf2 Nxb6 33. Rxb6
Qf4 34. Rb1 Qxh2+ 35. Ke3 Ka7 36. c5 f5 37. Na5 Bxe4 38. fxe4 fxe4 39. Kxe4
Qxe2+ 40. Kf4 1/2-1/2

[Event "XXX C.to Italiano a squadre A2.5"]
[Site "ITA"]
[Date "1998.04.05"]
[Round "4"]
[White "Scalcione, Michelangelo"]
[Black "Gorelli Fagiolini, Marco"]
[WhiteElo "1966"]
[BlackElo "2235"]
[Result "0-1"]
[PlyCount "42"]
[EventDate "1998.02.22"]

1. d4 g6 2. e4 d6 3. Nc3 Nf6 4. Bg5 Bg7 5. Qd2 c6 6. Nge2 O-O 7. f3 Nbd7 8. h4
b5 9. h5 Nxh5 10. g4 Nhf6 11. Bh6 Bh8 12. Ng3 e5 13. g5 exd4 14. gxf6 dxc3 15.
Qh2 Re8 16. Bg7 Nxf6 17. Bxf6 Bxf6 18. Qxh7+ Kf8 19. O-O-O cxb2+ 20. Kb1 Be6
21. Nf5 Bxa2+ 0-1

[Event "XXX C.to Italiano a squadre A2.5"]
[Site "ITA"]
[Date "1998.04.05"]
[Round "4"]
[White "Stornelli, Aldo"]
[Black "Bastarelli, Giuseppe"]
[WhiteElo "1740"]
[BlackElo "1950"]
[Result "1/2-1/2"]
[PlyCount "159"]
[EventDate "1998.02.22"]

1. d4 Nf6 2. Nf3 g6 3. Bf4 Bg7 4. h3 d6 5. e3 b6 6. c4 Bb7 7. Nc3 Nbd7 8. Be2
O-O 9. O-O e6 10. Bh2 Ne8 11. Nd2 e5 12. Bf3 Bxf3 13. Nxf3 f5 14. dxe5 Nxe5 15.
Nxe5 dxe5 16. Qxd8 Rxd8 17. Rad1 Nd6 18. b3 c6 19. Na4 Nf7 20. Nb2 Rfe8 21. Nd3
Bf8 22. Nc1 Kg7 23. Ne2 g5 24. Nc3 Kf6 25. Rxd8 Rxd8 26. Rd1 Rxd1+ 27. Nxd1 Ke6
28. Kf1 Kd6 29. Nc3 a6 30. Ke2 b5 31. cxb5 cxb5 32. Kd3 Kc6 33. a4 Bd6 34. e4
f4 35. axb5+ axb5 36. f3 Bc5 37. Ne2 Nd8 38. Bg1 Bxg1 39. Nxg1 Kc5 40. Kc3 Nc6
41. Ne2 h6 42. Nc1 b4+ 43. Kd2 Na5 44. Nd3+ Kd4 45. Nc1 Kc5 46. Kc2 Nc6 47. Kd2
Na5 48. Nd3+ Kd4 49. Nxb4 Nxb3+ 50. Ke2 Kc5 51. Nd5 Nd4+ 52. Kf2 Kd6 53. Kg1 h5
54. Kf2 g4 55. Nf6 gxf3 56. gxf3 Ke6 57. Nd5 Kf7 58. Nb4 Kf6 59. Nd3 Nc6 60.
Kg2 Nd8 61. Kf2 Ne6 62. Kg2 Ng5 63. Nb4 Ke6 64. Nd5 Kd6 65. Nb4 Ke6 66. Nd5 Kd6
67. Nb4 Kc5 68. Nd5 Kd4 69. h4 Ne6 70. Nf6 Ke3 71. Nd5+ Ke2 72. Nf6 Nd4 73.
Nxh5 Nxf3 74. Nf6 Nxh4+ 75. Kh3 Ng6 76. Kg4 Ne7 77. Nh5 Kf2 78. Nxf4 Ke3 79.
Nd5+ Kxe4 80. Nxe7 1/2-1/2

[Event "XXX C.to Italiano a squadre A2.8.2"]
[Site "ITA"]
[Date "1998.03.08"]
[Round "3"]
[White "Scattareggia, Domenico"]
[Black "Alaimo, Riccardo"]
[Result "0-1"]
[WhiteElo "1797"]
[BlackElo "2080"]
[PlyCount "124"]
[EventDate "1998.02.22"]

1. e4 c5 2. Nf3 d6 3. d4 cxd4 4. Nxd4 Nf6 5. Nc3 a6 6. Be2 e5 7. Nb3 Be7 8. O-O
O-O 9. Be3 Be6 10. Qd2 Nbd7 11. Rad1 Qc7 12. f3 b5 13. Kh1 Rac8 14. Bd3 Nb6 15.
Bxb6 Qxb6 16. Ne2 d5 17. Qg5 Qc7 18. Qc1 Rfd8 19. Ng3 g6 20. Qh6 Bf8 21. Qg5 h6
22. Qc1 Bg7 23. Rf2 Qb6 24. Rdf1 dxe4 25. Bxe4 Nxe4 26. fxe4 Bc4 27. Ne2 Rd7
28. Nd2 Bd3 29. c3 Rcd8 30. Qe1 h5 31. Nf3 Bxe4 32. Ng3 Bd3 33. Rg1 e4 34. Ng5
h4 35. N3xe4 Re7 36. Rf4 f5 37. Qxh4 Bxe4 38. Qh7+ Kf8 39. Nxe4 Rxe4 40. Rxe4
fxe4 41. Rf1+ Bf6 42. Qh8+ Kf7 43. Qh7+ Kf8 44. Qxg6 Rd6 45. Qxe4 Qd8 46. Qh7
Qe7 47. Qh8+ Kf7 48. Qh7+ Ke8 49. Qg8+ Kd7 50. Qa8 Qd8 51. Qb7+ Qc7 52. Qe4 Be7
53. Re1 Kd8 54. Qa8+ Kd7 55. Qe4 Kc8 56. Qa8+ Qb8 57. Qe4 Qa7 58. h4 Rd7 59. h5
Bd6 60. Qc6+ Kd8 61. h6 Qf2 62. Qa8+ Kc7 0-1